000 00544cam a2200205 4500
001 D2449
008 090401t1972 xxu||||| |||| 00| 0 eng d
035 _a(Sirsi) u69157
041 _aeng
050 _a526.902462
100 _aClark, David
245 _aPlane and geodetic surveying [for engineers]. Vol 1: Plane surveying, metric edition
250 _a6th Rev
260 _aLondon
_bConstable
_c1972
300 _a470p. 23cm
350 _a2.25
520 _aSixth edition revised by J.E.Jackson
942 _n0
948 _c04/03/1997
999 _c95163
_d95163